| 000 | 00453nam a2200181Ia 4500 | ||
|---|---|---|---|
| 001 | 23006 | ||
| 005 | 20260414150908.0 | ||
| 008 | 260414t2000||||xx |||||||||||||| ||spa|| | ||
| 041 | _aESP | ||
| 082 |
_a624.1762 _bK465 |
||
| 100 |
_aKomodromos, Petros _eAUT |
||
| 245 | 0 |
_aSeismic isolation for earthquake-resistant structures _b |
|
| 260 | _c2000 | ||
| 300 |
_a201 páginas : _c24 cm. |
||
| 650 | _a0 | ||
| 654 | _aCIC | ||
| 942 |
_cLIB _dJUS _fJUS _2ddc _n |
||
| 999 |
_c23006 _d23006 |
||